[Event "Belgrade Trophy 36th"]
[Site "Belgrade"]
[Date "2023.12.03"]
[Round "9"]
[White "Stojanovic, Vlastimir"]
[Black "Filipovic, Jovan"]
[Result "1-0"]
[WhiteElo "2200"]
[BlackElo "1868"]
[PlyCount "87"]
[EventDate "2023.11.25"]
[EventType "swiss"]
[EventRounds "9"]
[EventCountry "SRB"]
[SourceTitle "CBM 217 Extra"]
[Source "ChessBase"]
[SourceDate "2024.01.31"]
[SourceVersion "1"]
[SourceVersionDate "2024.01.31"]
[SourceQuality "1"]

1. e4 c5 2. Nf3 a6 3. Nc3 b5 4. a3 Bb7 5. d4 cxd4 6. Nxd4 e6 7. Bd3 Qc7 8. 0-0 Nf6 9. Qe2 Bd6 10. Kh1 Be5 11. Nb3 Bxc3 12. bxc3 d6 13. a4 bxa4 14. Rxa4 0-0 15. Na5 Nbd7 16. Nxb7 Qxb7 17. Ba3 Qc6 18. Rc4 Qb6 19. Rd4 Nc5 20. f4 e5 21. Rb4 Qa5 22. Bc1 Qd8 23. fxe5 dxe5 24. Bg5 a5 25. Rb5 Ncd7 26. c4 a4 27. c5 Qc7 28. Be3 Rfc8 29. Bc4 Ra5 30. Rfb1 Nxe4 31. Bxf7+ Kh8 32. Rb7 Qc6 33. Qf3 a3 34. Ba2 Raa8 35. Rxd7 Qxd7 36. Qxe4 Rcb8 37. Bb3 a2 38. Ra1 h6 39. h3 Rd8 40. Rxa2 Rxa2 41. Bxa2 Qd1+ 42. Kh2 Qe1 43. Qxe5 Rf8 44. Bd4 1-0

[Event "Belgrade Trophy 36th"]
[Site "Belgrade"]
[Date "2023.12.02"]
[Round "8"]
[White "Filipovic, Jovan"]
[Black "Veleski, Robert"]
[Result "1/2-1/2"]
[WhiteElo "1868"]
[BlackElo "2064"]
[PlyCount "112"]
[EventDate "2023.11.25"]
[EventType "swiss"]
[EventRounds "9"]
[EventCountry "SRB"]
[SourceTitle "CBM 217 Extra"]
[Source "ChessBase"]
[SourceDate "2024.01.31"]
[SourceVersion "1"]
[SourceVersionDate "2024.01.31"]
[SourceQuality "1"]

1. e4 c5 2. Nf3 Nc6 3. d4 cxd4 4. Nxd4 g6 5. Nc3 Bg7 6. Nxc6 dxc6 7. Qxd8+ Kxd8 8. Bc4 Ke8 9. Be3 Nf6 10. f3 Nd7 11. 0-0-0 Ne5 12. Bb3 Be6 13. Bxe6 fxe6 14. Bd4 Rf8 15. Ne2 Bh6+ 16. Kb1 Nc4 17. b3 Ne3 18. Bxe3 Bxe3 19. Rd3 Bb6 20. Rhd1 e5 21. c4 Rd8 22. Rxd8+ Bxd8 23. Kc2 e6 24. Kc3 h5 25. Rf1 g5 26. Kd2 Ba5+ 27. Ke3 Bb6+ 28. Kd2 Ke7 29. Nc1 Bd4 30. Ke2 b5 31. cxb5 cxb5 32. Nd3 a5 33. Rc1 Kd6 34. Rb1 Ra8 35. Rc1 g4 36. fxg4 hxg4 37. Rf1 b4 38. Rc1 Rh8 39. Rh1 Bc3 40. Nf2 Rg8 41. h4 gxh3 42. gxh3 a4 43. h4 Bd4 44. Rh2 axb3 45. axb3 Rg3 46. h5 Bxf2 47. Kxf2 Rxb3 48. h6 Rb2+ 49. Kg3 Rxh2 50. Kxh2 b3 51. h7 b2 52. h8Q b1Q 53. Qf8+ Kc6 54. Qc8+ Kd6 55. Qf8+ Kd7 56. Qf7+ Kd6 1/2-1/2